Inclusion of Opuntia stricta (Haw.) in sheep diets affects nutrition and the physicochemical characteristics of the rumen content (Registro n. 331243)
[ somente texto ]
| 000 -LÍDER | |
|---|---|
| fixed length control field | 03194nab a2200361 i 4500 |
| 003 - CÓDIGO MARC DA AGÊNCIA CATALOGADORA | |
| Campo de controle | BR-BrBNA |
| 005 - DATA E HORA DA ÚLTIMA ATUALIZAÇÃO | |
| Campo de controle | 20250428182426.0 |
| 008 - CAMPO DE TAMANHO FIXO | |
| fixed length control field | 250428b2020 bl.ar|pooa||| 00| 0 eng | |
| 040 ## - FONTE DA CATALOGAÇÃO | |
| Agência catalogadora | BR-BrBNA |
| Idioma da catalogação | eng |
| 072 ## - CATEGORIA AGRIS | |
| Código AGRIS | L50 |
| Código do objeto | 5240 |
| 072 ## - CATEGORIA AGRIS | |
| Código AGRIS | L51 |
| 100 ## - ENTRADA PRINCIPAL - NOME PESSOAL | |
| Nome pessoal | Araujo, Cintia Mirely de |
| 100 ## - ENTRADA PRINCIPAL - NOME PESSOAL | |
| Nome pessoal | Batista, Ângela Maria Vieira |
| 100 ## - ENTRADA PRINCIPAL - NOME PESSOAL | |
| Nome pessoal | Carvalho, Francisco Fernando Ramos de |
| 100 ## - ENTRADA PRINCIPAL - NOME PESSOAL | |
| Nome pessoal | Silva, Márcia Pereira da |
| 100 ## - ENTRADA PRINCIPAL - NOME PESSOAL | |
| Nome pessoal | Silva, Alenice Ozino |
| 100 ## - ENTRADA PRINCIPAL - NOME PESSOAL | |
| Nome pessoal | Souza, Anaiane Pereira |
| 100 ## - ENTRADA PRINCIPAL - NOME PESSOAL | |
| Nome pessoal | Medeiros, Ariosvaldo Nunes de |
| 245 ## - TÍTULO PRINCIPAL | |
| Título principal | Inclusion of Opuntia stricta (Haw.) in sheep diets affects nutrition and the physicochemical characteristics of the rumen content |
| 500 ## - NOTA GERAL | |
| Nota geral | Publicação on-line; 36 ref.; 2 illus; 4 tables; Sumaries (En) |
| 942 ## - ADDED ENTRY ELEMENTS (KOHA) | |
| Koha item type | Analítica |
| 520 ## - NOTA DE RESUMO | |
| Nota de conteúdo | <br/><br/>ABSTRACT - The aim of this study was to evaluate the effects of the inclusion of the cactus Opuntia stricta (Haw.) in sheep diets on the feed intake, digestibility, fermentation, and physicochemical characteristics of the ruminal digesta. Five sheep cannulated in the rumen (61.5±9.5 kg body weight) were assigned in a Latin square design (5×5), with five diets and five experimental periods of 21 days each. The first 14 days were the adaptation period, and data were collected over the following seven days, making the total duration of the experiment 105 days. The diets included a control diet and four diets containing cactus at 121, 245, 371, and 500 g/kg of dry matter (DM). The diets had a forage:concentrate ratio of 65:35. The inclusion of cactus increased the DM intake and non-fiber carbohydrates, but reduced the neutral detergent fiber intake. It also increased the apparent digestibility of the DM, reduced the digesta density 4 h after feeding, and increased the production of ruminal fluid foam. The inclusion of cactus quadratically affected the DM rumen turnover, with the lowest value observed in the 336.5 g/kg cactus diet. The DM ruminal disappearance rate increased with the inclusion of cactus to the diets and quadratically affected the ruminal pH, with the highest value found in the 150 g/kg cactus diet. The concentrations of short-chain fatty acids (SCFA) increased, but the acetate:propionate ratio decreased with the inclusion of cactus at 500 g/kg DM. Taken together, our findings indicate that the evaluated spineless cactus can be added to sheep diets up to the level of 500 g/kg DM. The inclusion of O. stricta (Haw.) improves feed intake, DM digestibility, and SCFA and modifies the physicochemical characteristics of the ruminal digesta.<br/><br/>Keywords: degradation rate, feed evaluation, ruminal ammonia, rumen metabolism |
| 650 ## - ASSUNTO - THESAGRO | |
| Cabeçalho tópico ou nome geográfico | OVINO |
| 650 ## - ASSUNTO - THESAGRO | |
| Cabeçalho tópico ou nome geográfico | DIETA |
| 650 ## - ASSUNTO - THESAGRO | |
| Cabeçalho tópico ou nome geográfico | ALIMENTO ALTERNATIVO |
| 650 ## - ASSUNTO - THESAGRO | |
| Cabeçalho tópico ou nome geográfico | RÚMEN |
| 650 ## - ASSUNTO - THESAGRO | |
| Cabeçalho tópico ou nome geográfico | PROPRIEDADE FÍSICO-QUÍMICA |
| 650 ## - ASSUNTO - THESAGRO | |
| Cabeçalho tópico ou nome geográfico | DIGESTIBILIDADE |
| 650 ## - ASSUNTO - THESAGRO | |
| Cabeçalho tópico ou nome geográfico | METABOLISMO |
| 773 0# - ENTRADA ANALÍTICA | |
| Host Biblionumber | 3545 |
| Registro do item | 317600 |
| Imprenta | Viçosa-MG Sociedade Brasileira de Zootecnia 1997 |
| Outro identificador | 2024-4310 |
| Título | Revista Brasileira de Zootecnia (Brazil) |
| ISSN | 1516-3598 |
| Colação | v. 49 p. 1-12; (2020) |
| Número de controle de registro | BR2025000657 |
| 856 ## - ACESSO E ENDEREÇO ELETRÔNICO | |
| Identificador uniforme de recurso - URI | https://www.scielo.br/j/rbz/a/fnqLDhXPqcgdjZYKpJWXq5D/?format=pdf&lang=en |
Nenhum exemplar disponível.

BINAGRI